[Event "ESP-ch Seniors 2017"]
[Site "Altea"]
[Date "2017.10.12"]
[Round "6"]
[White "Pastor Pons, Pedro Maria"]
[Black "Brusi Noguera, Ricardo Ll"]
[Result "1/2-1/2"]
[WhiteElo "2077"]
[BlackElo "2156"]
[Annotator "ChessBase"]
[PlyCount "60"]
[EventDate "2017.??.??"]
[EventType "swiss"]
[EventCountry "ESP"]
[SourceTitle "playchess.com"]
[Source "ChessBase"]
[SourceQuality "1"]
[TimeControl "5400+30"]

1. e4 {[%emt 0:00:00]} Nf6 {[%emt 0:00:06]} 2. e5 {[%emt 0:00:00]} Nd5 {[%emt 0:00:05]} 3. d4 {[%emt 0:00:04]} d6 {[%emt 0:00:11]} 4. Nf3 {[%emt 0:00:07]} Nb6 {[%emt 0:01:17]} 5. Bb5+ {[%emt 0:02:34]} c6 {[%emt 0:01:40]} 6. Bd3 {[%emt 0:00:22]} Bg4 {[%emt 0:01:08]} 7. h3 {[%emt 0:00:11]} Bxf3 {[%emt 0:03:11]} 8. Qxf3 {[%emt 0:00:08]} dxe5 {[%emt 0:02:06]} 9. dxe5 {[%emt 0:00:22]} Qd5 {[%emt 0:13:20]} 10. Qe2 {[%emt 0:03:57]} N8d7 {[%emt 0:01:19]} 11. f4 {[%emt 0:07:27]} Nc5 {[%emt 0:03:44]} 12. Bf5 {[%emt 0:02:18]} e6 {[%emt 0:02:10]} 13. Nc3 {[%emt 0:08:45]} Qd8 {[%emt 0:02:36]} 14. Bg4 {[%emt 0:00:42]} Qh4+ {[%emt 0:00:24]} 15. Qf2 {[%emt 0:00:05]} Qxf2+ {[%emt 0:01:03]} 16. Kxf2 {[%emt 0:00:02]} Be7 {[%emt 0:01:25]} 17. Rd1 {[%emt 0:14:52]} O-O {[%emt 0:02:53]} 18. Be3 {[%emt 0:01:56]} Nc4 {[%emt 0:07:28]} 19. b4 {[%emt 0:04:51]} Na6 {[%emt 0:10:31]} 20. a3 {[%emt 0:00:10]} Rfd8 {[%emt 0:05:19]} 21. Be2 {[%emt 0:01:47]} Nxe3 {[%emt 0:00:43]} 22. Kxe3 {[%emt 0:02:16]} Nc7 {[%emt 0:00:37]} 23. Rxd8+ {[%emt 0:03:50]} Rxd8 {[%emt 0:01:57]} 24. Rd1 {[%emt 0:01:17]} Rxd1 {[%emt 0:01:42]} 25. Nxd1 {[%emt 0:00:12]} a5 {[%emt 0:02:52]} 26. c3 {[%emt 0:00:15]} Kf8 {[%emt 0:00:49]} 27. Ke4 {[%emt 0:01:05]} Ke8 {[%emt 0:01:13]} 28. g4 {[%emt 0:00:17]} Kd7 {[%emt 0:12:15]} 29. Bc4 Nb5 30. f5 Nc7 1/2-1/2

[Event "ESP-ch Seniors 2017"]
[Site "Altea"]
[Date "2017.10.12"]
[Round "6"]
[White "Carbonell Bofill, Carlos Eloy"]
[Black "Garcia Fernandez, Carlos"]
[Result "0-1"]
[WhiteElo "2050"]
[BlackElo "2264"]
[Annotator "ChessBase"]
[PlyCount "38"]
[EventDate "2017.??.??"]
[EventType "swiss"]
[EventCountry "ESP"]
[SourceTitle "playchess.com"]
[Source "ChessBase"]
[SourceQuality "1"]
[TimeControl "5400+30"]

1. d4 {[%emt 0:10:04]} c5 {[%emt 0:02:15]} 2. e3 {[%emt 0:02:15]} Nf6 {[%emt 0:07:34]} 3. g4 {[%emt 0:04:11]} h6 {[%emt 0:02:38]} 4. c3 {[%emt 0:01:50]} d6 {[%emt 0:02:58]} 5. dxc5 {[%emt 0:00:51]} Bxg4 {[%emt 0:00:33]} 6. f3 {[%emt 0:03:55]} Bh5 {[%emt 0:03:07]} 7. cxd6 {[%emt 0:01:33]} e6 {[%emt 0:00:29]} 8. Na3 {[%emt 0:02:08]} a6 {[%emt 0:02:16]} 9. Qb3 {[%emt 0:08:57]} b5 {[%emt 0:04:35]} 10. c4 {[%emt 0:00:04]} Bxd6 {[%emt 0:00:41]} 11. cxb5 {[%emt 0:00:26]} Nd5 {[%emt 0:01:14]} 12. Nc4 {[%emt 0:11:47]} Bb4+ {[%emt 0:02:07]} 13. Bd2 {[%emt 0:03:43]} Qh4+ {[%emt 0:00:44]} 14. Ke2 {[%emt 0:02:16]} Bxd2 {[%emt 0:05:43]} 15. Nxd2 {[%emt 0:04:49]} axb5 {[%emt 0:02:16]} 16. Qxb5+ {[%emt 0:02:35]} Nd7 {[%emt 0:04:45]} 17. Nh3 {[%emt 0:00:05]} Rb8 {[%emt 0:02:26]} 18. Qc4 {[%emt 0:01:51]} Bxf3+ {[%emt 0:09:40]} 19. Kxf3 {[%emt 0:00:21]} Ne5+ {[%emt 0:00:07]} 0-1

[Event "ESP-ch Seniors 2017"]
[Site "Altea"]
[Date "2017.10.12"]
[Round "6"]
[White "Coll Sola, Joan"]
[Black "Vinal Gutierrez, Pedro"]
[Result "1/2-1/2"]
[WhiteElo "2045"]
[BlackElo "2041"]
[Annotator "NA"]
[PlyCount "55"]
[EventDate "2017.??.??"]
[EventType "swiss"]
[EventCountry "ESP"]
[SourceTitle "playchess.com"]
[Source "ChessBase"]
[SourceQuality "1"]
[TimeControl "5400+30"]

1. e4 {[%emt 0:00:00]} e6 {[%emt 0:00:01]} 2. d4 {[%emt 0:00:00]} d5 {[%emt 0:00:03]} 3. Nd2 {[%emt 0:00:00]} c5 {[%emt 0:00:02]} 4. exd5 {[%emt 0:00:06]} Qxd5 {[%emt 0:00:13]} 5. Ngf3 {[%emt 0:00:10]} cxd4 {[%emt 0:00:12]} 6. Bc4 {[%emt 0:00:11]} Qd7 {[%emt 0:00:26] C07: French Tarrasch: 3...c5, 4 Ngf3 and 4 exd5 Qxd5} (6... Qd6 7. O-O Nf6 8. Nb3 Nc6 9. Nbxd4 Nxd4 10. Nxd4 a6 11. Re1 Qc7 12. Bf1 Bd6 13. Nf5 Bxh2+ 14. Kh1 Kf8 15. Qd4 exf5 16. Qxf6 h6 17. Qd4 Bd6 18. Bd2 Be6 19. Bc3 Rh7 {0-1 (48) Karjakin,S (2781)-Caruana,F (2808) Paris 2017}) 7. O-O {[%emt 0:00:58]} Nc6 {[%emt 0:03:41]} 8. Nb3 {[%emt 0:00:37]} Nf6 {[%emt 0:00:30]} 9. Nbxd4 {[%emt 0:02:01]} Nxd4 {[%emt 0:00:04]} 10. Nxd4 {[%emt 0:06:39]} a6 {[%emt 0:00:18]} 11. Bf4 {[%emt 0:10:00]} Bc5 {[%emt 0:03:51]} 12. Nb3 {[%emt 0:04:27]} Be7 $146 {[%emt 0:01:09]} ({Predecessor:} 12... Qxd1 13. Raxd1 Bb6 14. Be2 Bd7 15. c4 Rc8 16. Be5 Bc6 17. Nd4 Be4 18. b4 Ke7 19. Rd2 Nd7 20. Bg3 e5 21. c5 {½-½ (57) Annaberdiev,M (2445)-Stankovic,M (2420) Novi Sad 2016}) 13. Re1 {[%emt 0:05:25]} b5 {[%emt 0:01:04]} 14. Be2 {[%emt 0:04:31]} Qxd1 {[%emt 0:02:56]} 15. Raxd1 {[%emt 0:04:39]} Bb7 {[%emt 0:00:19]} 16. c4 {[%emt 0:05:17]} bxc4 {[%emt 0:01:17]} 17. Bxc4 {[%emt 0:00:13]} O-O {[%emt 0:06:12]} 18. Na5 {[%emt 0:05:43]} Be4 {[%emt 0:01:46]} 19. Bg5 {[%emt 0:05:03]} Bc2 {[%emt 0:09:31]} 20. Rc1 {[%emt 0:02:17]} Bb4 {[%emt 0:03:06]} 21. Re2 {[%emt 0:01:52]} Ba4 {[%emt 0:02:51]} 22. Nb3 Rfd8 {[%emt 0:02:08]} 23. h3 {[%emt 0:05:03]} h6 {[%emt 0:05:25]} 24. Be3 {[%emt 0:00:35]} Nd5 {[%emt 0:00:39]} 25. Bc5 {[%emt 0:04:15]} Bxc5 {[%emt 0:06:22]} (25... Bxb3 $5 26. Bxd5 Bxd5 27. Bxb4 Bxa2 $17) 26. Nxc5 {[%emt 0:00:05]} Bb5 {[%emt 0:00:23]} 27. Bxb5 {[%emt 0:03:37]} axb5 $11 {[%emt 0:00:14]} 28. a3 {[%emt 0:00:20]} 1/2-1/2

[Event "ESP-ch Seniors 2017"]
[Site "Altea"]
[Date "2017.10.12"]
[Round "6"]
[White "Fernandez Vicente, Carmelo"]
[Black "Estrada Martinez, Cesar"]
[Result "1-0"]
[WhiteElo "2044"]
[BlackElo "2045"]
[Annotator "NA"]
[PlyCount "91"]
[EventDate "2017.??.??"]
[EventType "swiss"]
[EventCountry "ESP"]
[SourceTitle "playchess.com"]
[Source "ChessBase"]
[SourceQuality "1"]
[TimeControl "5400+30"]

1. c4 {[%emt 0:00:00]} Nf6 {[%emt 0:00:27]} 2. g3 {[%emt 0:00:18]} e6 {[%emt 0:01:51]} 3. Nf3 {[%emt 0:01:33]} d5 {[%emt 0:00:18]} 4. b3 {[%emt 0:01:14]} Be7 {[%emt 0:01:06]} 5. Bg2 {[%emt 0:01:13]} O-O {[%emt 0:01:33]} 6. O-O {[%emt 0:00:39]} Nbd7 {[%emt 0:05:09]} 7. Bb2 {[%emt 0:01:00]} c6 {[%emt 0:00:21]} 8. d4 {[%emt 0:03:19]} Ne4 {[%emt 0:01:01]} 9. Nfd2 {[%emt 0:03:52]} Nxd2 {[%emt 0:04:11]} 10. Nxd2 {[%emt 0:00:18]} Nf6 {[%emt 0:02:32]} 11. e4 {[%emt 0:01:56] E07: Closed Catalan: Main Line (5 Nf3 0-0 6 0-0 Nbd7)} (11. Qc2 Bd7 12. Bf3 Rc8 13. c5 b6 14. b4 a5 15. a3 axb4 16. axb4 bxc5 17. bxc5 Ra8 18. Bc3 Qc7 19. Ra4 Rxa4 20. Qxa4 {½-½ (54) Cunha,A (1990)-Cohen Farias,P (2261) Belem 2015}) 11... dxe4 {[%emt 0:01:55]} 12. Nxe4 {[%emt 0:00:32]} Nxe4 {[%emt 0:00:28]} 13. Bxe4 {[%emt 0:00:13]} Bf6 {[%emt 0:00:19]} 14. Qd3 $146 {[%emt 0:03:42]} ({Predecessor:} 14. Qe2 g6 15. Rfd1 Qe7 16. Re1 Qc7 17. d5 Bxb2 18. Qxb2 c5 {½-½ (29) Pick,S (2149)-Plasil,J (2088) Czechia 2008}) 14... g6 {[%emt 0:01:03]} 15. Rad1 {[%emt 0:00:49]} c5 {[%emt 0:05:33]} 16. Rd2 {[%emt 0:02:17]} cxd4 {[%emt 0:00:15]} 17. Bxd4 {[%emt 0:00:14]} Bxd4 {[%emt 0:00:29]} 18. Qxd4 {[%emt 0:00:11]} Qxd4 {[%emt 0:00:47]} 19. Rxd4 {[%emt 0:00:12]} e5 {[%emt 0:00:15]} 20. Rd5 {[%emt 0:01:25]} f5 {[%emt 0:04:09]} 21. Bg2 {[%emt 0:01:03]} e4 {[%emt 0:00:13]} 22. f3 {[%emt 0:01:06]} exf3 {[%emt 0:07:17]} 23. Bxf3 {[%emt 0:00:31]} Rb8 {[%emt 0:00:52]} 24. Re1 {[%emt 0:01:30]} b6 {[%emt 0:09:27]} 25. Re7 {[%emt 0:01:22]} Rb7 {[%emt 0:00:43]} 26. Rde5 {[%emt 0:00:22]} Rxe7 {[%emt 0:03:23]} 27. Rxe7 {[%emt 0:00:14]} a5 {[%emt 0:03:03]} 28. Bd5+ {[%emt 0:01:03]} Kh8 {[%emt 0:00:01]} 29. a3 {[%emt 0:00:18]} f4 {[%emt 0:00:31]} 30. gxf4 {[%emt 0:01:30]} Bh3 {[%emt 0:00:43]} 31. Rf7 {[%emt 0:02:18]} Rxf7 {[%emt 0:02:05]} 32. Bxf7 {[%emt 0:01:21]} Kg7 {[%emt 0:00:31]} 33. Bd5 {[%emt 0:00:37]} Kf6 {[%emt 0:00:07]} 34. Kf2 {[%emt 0:00:19]} Bf5 {[%emt 0:03:23]} 35. Ke3 {[%emt 0:01:29]} Bc2 {[%emt 0:00:29]} 36. b4 {[%emt 0:00:33]} Bb3 {[%emt 0:00:37]} 37. Kd4 {[%emt 0:01:58]} axb4 {[%emt 0:00:18]} 38. axb4 {[%emt 0:00:12]} Kf5 {[%emt 0:00:17]} 39. c5 {[%emt 0:01:48]} bxc5+ {[%emt 0:00:17]} 40. Kxc5 {[%emt 0:00:15]} Ba4 {[%emt 0:04:29]} 41. Bc6 {[%emt 0:00:18]} (41. b5 Bxb5 42. Kxb5 Kxf4 $16) 41... Bb3 {[%emt 0:00:01]} 42. b5 {[%emt 0:01:22]} Be6 {[%emt 0:00:05]} 43. Kd6 {[%emt 0:01:13]} Bc4 {[%emt 0:00:23]} 44. b6 {[%emt 0:00:22]} Ba6 {[%emt 0:00:01]} 45. Bb5 {[%emt 0:00:25]} ({Not} 45. b7 Bxb7 46. Bxb7 Kxf4 $16) 45... Bb7 {[%emt 0:01:15]} 46. Kc7 {[%emt 0:00:14]} 1-0

[Event "ESP-ch Seniors 2017"]
[Site "Altea"]
[Date "2017.10.12"]
[Round "6"]
[White "Buxade Roca, Guillermo"]
[Black "Suba, Mihai"]
[Result "1/2-1/2"]
[WhiteElo "2025"]
[BlackElo "2315"]
[Annotator "TA"]
[PlyCount "50"]
[EventDate "2017.??.??"]
[EventType "swiss"]
[EventCountry "ESP"]
[SourceTitle "playchess.com"]
[Source "ChessBase"]
[SourceQuality "1"]

{[%evp 15,50,-14,-17,-39,-45,-59,-50,-46,-47,-52,-65,-65,-67,-62,-48,-30,-35,-47,-10,-12,-21,-19,-19,-41,-21,-14,38,49,329,323,516,523,869,368,833,137,1013]} 1. e4 c5 2. Nc3 Nc6 3. g3 g6 4. Bg2 Bg7 5. d3 d6 6. Be3 e5 7. Qd2 Nge7 8. Nf3 {B26: Closed Sicilian: 3 g3, lines with early Be3} (8. h4 h5 9. f4 Nd4 10. Nd1 d5 11. c3 Ne6 12. Nf3 d4 13. Bg1 Nc6 14. c4 f6 15. Nf2 Bh6 16. Nh3 {½-½ (57) Granda Zuniga,J (2667)-Wojtaszek,R (2734) Baku 2015}) 8... Nd4 {LiveBook: 15 Games} 9. Bxd4 $146 ({Predecessor:} 9. O-O O-O 10. Nh4 Be6 11. f4 exf4 12. Bxf4 Qd7 13. Nd1 Rad8 14. c3 Ndc6 15. Bh6 d5 16. Bxg7 Kxg7 17. Nf2 b6 18. exd5 Nxd5 {0-1 (76) Mammadova,G (2401)-Khalafova,N (2250) Moscow 2017}) 9... cxd4 10. Ne2 {Black is slightly better.} O-O 11. c3 dxc3 12. bxc3 d5 13. d4 exd4 14. Nfxd4 Re8 15. O-O dxe4 16. Bxe4 Nd5 17. Bf3 $1 Bh3 18. Rfd1 Rc8 {Strongly threatening ...Nxc3!} 19. Rab1 {[#]} Nxc3 $1 {[%mdl 512]} 20. Nxc3 {Black must now prevent Nd5.} Bxd4 (20... Qxd4 $11 21. Qxd4 Bxd4) 21. Ne4 $36 {[%mdl 2048] White has good play.} Be5 $2 {[%mdl 8192]} (21... Rc4 $1 $14) 22. Qh6 $18 Bd7 (22... Qe7 $142 23. Qxh3 Rc7) 23. Ng5 Bg7 24. Qxh7+ Kf8 25. Qh4 $2 {[#]} (25. Nxf7 $18 Kxf7 26. Rxb7) 25... Kg8 $2 {[%mdl 40960] Precision: White = 62%, Black = 45%. . An unexpected result.} (25... b6 $16 26. Bd5 (26. Qf4 Re7 $14) 26... Re5 27. Bxf7 Rxg5) 1/2-1/2

[Event "ESP-ch Seniors 2017"]
[Site "Altea"]
[Date "2017.10.12"]
[Round "6"]
[White "Lloret Climent, Miguel"]
[Black "Sabater Sanchez, Asensio"]
[Result "1/2-1/2"]
[WhiteElo "1950"]
[BlackElo "2149"]
[Annotator "TA"]
[PlyCount "89"]
[EventDate "2017.??.??"]
[EventType "swiss"]
[EventCountry "ESP"]
[SourceTitle "playchess.com"]
[Source "ChessBase"]
[SourceQuality "1"]

{[%evp 18,89,3,-35,46,44,94,38,75,68,88,37,52,45,87,50,77,68,69,51,54,52,77,72,79,77,99,77,128,81,116,88,100,106,108,68,71,17,13,-18,0,-36,5,0,0,0,25,0,0,0,0,0,0,0,96,95,95,20,21,0,0,0,0,0,0,0,0,0,0,0,0,0,0,0]} 1. e4 e6 2. d4 d5 3. Nd2 Nc6 4. Ngf3 Nf6 5. e5 Nd7 6. c3 f6 7. exf6 Qxf6 8. Bb5 Bd6 9. O-O O-O 10. Re1 {LiveBook: 4 Partien. C04: Französische Verteidigung (Tarrasch-Variante)} (10. Nb3 e5 11. c4 Nxd4 12. Nbxd4 exd4 13. cxd5 Ne5 14. Nxd4 Ng4 15. Nf3 Bc5 16. d6 cxd6 17. Qb3+ Kh8 18. Be3 {0-1 (47) Starostits,I (2415)-Lugovskoy,M (2431) Panevezys 2015}) 10... a6 (10... e5 $1 $15) 11. Ba4 $14 b5 12. Bb3 (12. Bc2 $16) 12... Nb6 13. Nf1 Bd7 $146 ({Vorgänger:} 13... Ne7 14. Bg5 Qf7 15. Bc2 Nd7 16. Qd3 Nf6 17. Ng3 h6 {½-½ (54) Uuriintuya,U (1945)-Csuri,L (1927) Kecskemet 2015}) 14. Bg5 ({Lieber} 14. Ne3 $16) 14... Qf7 15. Bh4 h6 16. Bc2 g5 17. Bg3 Qg7 18. Qd3 Rae8 19. Ne3 Nc4 20. b3 Nxe3 21. Rxe3 Bf4 22. Re2 Re7 (22... b4 $142) 23. Rae1 Rf6 24. a3 Bxg3 25. fxg3 Be8 {[%cal Bd7e8,Be8h5,Bh5g4,Bg4f5][%mdl 32]} 26. Ne5 Nxe5 27. dxe5 (27. Rxe5 $16 Bg6 28. Qd1) 27... Rf8 $11 28. b4 Bh5 29. Re3 Bg4 (29... c5 $5) 30. Qd4 Qf7 31. Bd3 $36 {[%mdl 2048] Schwarz steht unter Druck.} Qf2+ 32. Kh1 Ref7 33. h3 (33. Qxg4 $2 {[#] ist ein Selbstmatt.} Qf1+ $1 {[%mdl 512]} 34. Bxf1 Rxf1+ 35. Rxf1 Rxf1#) 33... Bf5 34. Rf1 Qb2 35. Ref3 {[#] Schwarz muss nun Lxf5 beachten.} Qd2 (35... Bxh3 $11 {hält das Gleichgewicht.} 36. R1f2 Qa1+ 37. Rf1 Qa2) 36. Bxf5 Qxd4 37. Bh7+ (37. cxd4 $16 Rxf5 38. Rxf5 Rxf5 39. Rc1) 37... Kxh7 {Die Stellung ist ausgeglichen.} 38. Rxf7+ (38. cxd4 {is interesting.} Kg7 39. g4 Rxf3 40. Rxf3 Rxf3 41. gxf3 h5 42. Kg2) 38... Rxf7 39. Rxf7+ Kg8 {( -> ...Dd1+)} 40. cxd4 Kxf7 {KB-KB} 41. g4 Ke7 42. Kg1 Kd7 43. Kf2 Kc6 44. Ke3 Kb6 45. Kd3 {Precision: Weiß = 46%, Schwarz = 46%.} 1/2-1/2

[Event "ESP-ch Seniors 2017"]
[Site "Altea"]
[Date "2017.10.12"]
[Round "6"]
[White "Fernandez Garcia, Ignacio"]
[Black "Fos Santacreu, Juan Andres"]
[Result "1-0"]
[WhiteElo "1871"]
[BlackElo "2140"]
[Annotator "TA"]
[PlyCount "74"]
[EventDate "2017.??.??"]
[EventType "swiss"]
[EventCountry "ESP"]
[SourceTitle "playchess.com"]
[Source "ChessBase"]
[SourceQuality "1"]

{[%evp 9,73,12,14,0,55,4,20,-9,-6,-11,-8,-11,-11,-16,-16,-16,-8,-13,0,-6,-4,-13,-9,-50,-20,-25,-25,-25,-39,-41,-27,-27,-33,-59,-63,-116,-124,-116,-74,-74,0,0,0,0,0,0,0,0,0,-332,0,0,0,-10,-10,-87,0,-492,-480,-672,-664,-670,-664,-29998,-29999,-29999]} 1. e4 c6 {[%cal Bc7c6,Bc6c5][%mdl 32]} 2. d4 d5 3. e5 c5 4. c3 Nc6 5. Nf3 Bg4 {LiveBook: 28 Games} 6. Be3 {B12: Caro-Kann: Advance Variation} (6. Be2 e6 7. Nbd2 Rc8 8. O-O a6 9. h3 Bh5 10. Re1 Bg6 11. Nf1 cxd4 12. Nxd4 Nxd4 13. Qxd4 Ne7 14. Bg5 {0-1 (36) Yuffa,D (2534)-Romanov,E (2619) Sochi 2016}) 6... Qb6 (6... cxd4 $11 7. cxd4 (7. Bxd4 Bxf3 8. Qxf3 e6 $11) 7... Qb6) 7. Nbd2 (7. dxc5 $14 Qxb2 8. Nbd2) 7... e6 $11 8. dxc5 $146 {The position is equal.} ({Predecessor:} 8. b3 cxd4 9. cxd4 Ba3 10. Be2 Nb4 11. O-O Bf5 12. Nh4 Bc2 13. Qe1 Nd3 14. Bxd3 Bxd3 {0-1 (39) Ergin,A-Kartal,K (2022) Kemer 2011}) 8... Bxc5 9. Bxc5 Qxc5 10. Qa4 Bh5 11. Bd3 Nge7 12. O-O O-O 13. Rfe1 a6 14. Qh4 Bg6 15. Bxg6 Nxg6 16. Qg3 (16. Qg4 {seems wilder.} Rfc8 17. Nb3 Qb5 18. h4 h6 19. Rab1) 16... b5 17. Rad1 a5 18. Nb3 Qb6 19. Nbd4 b4 20. Nxc6 Qxc6 21. cxb4 axb4 22. Rd4 ({White should play} 22. h4 $15) 22... Rxa2 $17 23. Rxb4 Rfa8 {[%cal Bf8a8,Ba8a1,Ba1d1][%mdl 32]} 24. h4 {[%cal Bh2h4,Bh4h5][%mdl 32]} Ra1 (24... Qc5 $17 25. Rb7 Qc8) 25. Rxa1 $11 Rxa1+ 26. Kh2 Qc7 ({Don't play} 26... Qc1 27. Rb8+ Nf8 28. Qg4 $14) 27. h5 Ne7 (27... Qc1 28. Rb8+ Nf8 29. Qh4 $14) 28. Nd4 h6 29. f4 $2 {[%mdl 8192] [#]} (29. Qe3 $1 $11) 29... Rd1 $2 $40 {[%mdl 128] Black mounts an attack.} ({Better is} 29... Qc1 $19 {[%csl Ga1][%cal Rc1h1]} 30. Qf2 Qh1+ 31. Kg3 Qxh5) 30. Qe3 g6 31. hxg6 Nxg6 32. Rb3 (32. Ra4 $11 {remains equal.}) 32... Qc4 (32... Kh7 $17 {White must now prevent ...Qc4.} 33. Ne2 Qc4) 33. Ne2 $2 {[%mdl 8192] [#]} (33. Rb8+ $11 {and White has nothing to worry.} Kh7 34. Nxe6) 33... Re1 $1 $19 34. Rd3 Qc2 35. Rd2 Qb1 {aiming for ...Rh1+.} 36. g3 Rh1+ 37. Kg2 Qf1# {[%mdl 32768] Precision: White = 34%, Black = 54%. . Loss on Time!?} 1-0